000
00248nam a2200109Ia 4500
008
200302s9999 xx 000 0 und d
100
_a
Author
245
_a
Creative Diagram in Archtecture
260
_b
Publisher
260
_c
2012
300
_a
255 P.,
999
_c
3973
_d
3973